| 000 | 00913cab a2200253 4500 | ||
|---|---|---|---|
| 001 | ABS51655 | ||
| 008 | 090401t1994 xxu||||| |||| 00| 0 eng d | ||
| 035 | _a(Sirsi) u37679 | ||
| 041 | _aeng | ||
| 100 | _aWilcock, C. | ||
| 245 | _aAll about staying power | ||
| 260 | _c1994 | ||
| 350 | _a0 | ||
| 490 |
_aBuilding _v259(7869) 18 November 1994, 31(1) |
||
| 520 | _aConsiders the problems for those companies trying to stay litigation under the Arbitration Act 1950, and highlights "Smith and Gordon v John Lewis Building". (See X1566). | ||
| 650 | _aARBITRATION ACT 1950 S4 | ||
| 650 | _aARBITRATION AGREEMENTS | ||
| 650 | _aSMITH & GORDON V JOHN LEWIS BUILDING | ||
| 650 | _aSTANDARD CONDITIONS OF CONTRACT | ||
| 650 | _aSTAY OF PROCEEDINGS | ||
| 690 | _aMANAGEMENT-DISPUTE AVOIDANCE, MANAGEMENT AND RESOLUTION-DISPUTE MANAGEMENT AND RESOLUTION-ARBITRATION | ||
| 942 | _n0 | ||
| 948 | _c04/03/1997 | ||
| 999 |
_c24284 _d24284 |
||